|
|
|
|
| LEADER |
02926nim a2200673 i 4500 |
| 001 |
001497699 |
| 003 |
CZ BrMZK |
| 005 |
20160114070441.0 |
| 007 |
sd fungnnmmned |
| 008 |
151120p20151991xr ||nne f n cze |
| 015 |
|
|
|a cnb002745084
|
| 024 |
3 |
|
|a 8590236076525
|
| 028 |
0 |
1 |
|a CRO765-2
|b Radioservis
|
| 040 |
|
|
|a BOA001
|b cze
|e rda
|
| 041 |
1 |
|
|d cze
|h fre
|
| 072 |
|
7 |
|a 821.133.1-3
|x Francouzská próza, francouzsky psaná
|2 Konspekt
|9 25
|
| 080 |
|
|
|a 821.133.1(493)-32
|2 MRF
|
| 080 |
|
|
|a (0:82-322.4)
|2 MRF
|
| 080 |
|
|
|a (0:82-25)7.096
|2 MRF
|
| 080 |
|
|
|a (086.76)
|2 MRF
|
| 100 |
1 |
|
|a Strejčková, Jaroslava,
|d 1924-2005
|7 jk01121412
|4 aut
|4 trl
|
| 245 |
1 |
0 |
|a 4x komisař Maigret počtvrté /
|c Georges Simenon ; dramatizace Jaroslava Strejčková ; překlad Kamila Schránilová, Ladislav Jehlička, Jiří A. Pechar, Jaroslava Strejčková
|
| 246 |
3 |
0 |
|a Komisař Maigret
|
| 264 |
|
1 |
|a Praha :
|b Radioservis,
|c [2015]
|
| 264 |
|
4 |
|c ©2015
|
| 300 |
|
|
|a 4 CD audio ;
|c 12 cm
|
| 336 |
|
|
|a mluvené slovo
|b spw
|2 rdacontent
|
| 337 |
|
|
|a audio
|b s
|2 rdamedia
|
| 338 |
|
|
|a audiodisk
|b sd
|2 rdacarrier
|
| 344 |
|
|
|a digital
|b optical
|2 rda
|
| 347 |
|
|
|a audio soubor
|b CD audio
|2 rda
|
| 500 |
|
|
|a Název z disku
|
| 500 |
|
|
|a Přeloženo z francouzštiny
|
| 500 |
|
|
|a Průvodní slovo Hynek Pekárek
|
| 505 |
0 |
0 |
|t Případ Saint-Fiacre --
|t Maigret a případ Cecilie --
|t Maigret a přízrak --
|t Maigretovy Vánoce
|
| 508 |
|
|
|a Režie Karel Weinlich, Ivan Chrz, Josef Červinka
|
| 511 |
1 |
|
|a V roli komisaře Maigreta Josef Vinklář, Josef Somr a Ota Sklenčka
|
| 518 |
|
|
|a Nahrávky Českého rozhlasu z let 1991-1999
|
| 655 |
|
7 |
|a belgické novely (francouzsky)
|7 fd183272
|2 czenas
|
| 655 |
|
7 |
|a detektivní novely
|7 fd132007
|2 czenas
|
| 655 |
|
7 |
|a rozhlasové hry
|7 fd133298
|2 czenas
|
| 655 |
|
7 |
|a kompaktní desky
|7 fd201991
|2 czenas
|
| 700 |
1 |
|
|a Schránilová, Kamila,
|d 1914-
|7 jk01111105
|4 trl
|
| 700 |
1 |
|
|a Jehlička, Ladislav,
|d 1916-1996
|7 jn20000401222
|4 trl
|
| 700 |
1 |
|
|a Pechar, Jiří,
|d 1929-2022
|7 jk01092325
|4 trl
|
| 700 |
1 |
|
|a Weinlich, Karel,
|d 1930-2020
|7 jn19990010111
|4 drt
|
| 700 |
1 |
|
|a Chrz, Ivan,
|d 1944-
|7 jx20060224015
|4 drt
|
| 700 |
1 |
|
|a Červinka, Josef,
|d 1915-2003
|7 jk01111219
|4 drt
|
| 700 |
1 |
|
|a Vinklář, Josef,
|d 1930-2007
|7 jn20000402546
|4 act
|
| 700 |
1 |
|
|a Somr, Josef,
|d 1934-2022
|7 jn19990009992
|4 act
|
| 700 |
1 |
|
|a Sklenčka, Ota,
|d 1919-1993
|7 jn20000402219
|4 act
|
| 700 |
1 |
2 |
|a Simenon, Georges,
|d 1903-1989.
|t L'affaire Saint-Fiacre.
|l Česky
|
| 700 |
1 |
2 |
|a Simenon, Georges,
|d 1903-1989.
|t Cécile est morte.
|l Česky
|7 aun2013763357
|
| 700 |
1 |
2 |
|a Simenon, Georges,
|d 1903-1989.
|t Maigret et le fantôme.
|l Česky
|
| 700 |
1 |
2 |
|a Simenon, Georges,
|d 1903-1989.
|t Un Noël de Maigret.
|l Česky
|
| 910 |
|
|
|a BOA001
|b CDR-1355.888
|
| 990 |
|
|
|a AV
|
| 991 |
|
|
|b 201601
|c NOV
|
| 996 |
6 |
|
|b 2610651352
|c CDR-1355.888
|l MZK
|r Sklad / do 24 hodin
|n 0
|p p.v.
|w 001532955
|u 000010
|a 1
|e BOA001
|j MZK50
|s P
|